Hubert Carrier, Le labyrinthe de l’État. Essai sur le débat politique en France au temps de la Fronde (1648-1653), no 14, Paris, Honoré Champion, « Bibliothèque d’histoire moderne et contemporaine », 2004, 694 p. (notice n° 1600193)
[ vue normale ]
| 000 -LEADER | |
|---|---|
| fixed length control field | 00659cam a2200145 4500500 |
| 005 - DATE AND TIME OF LATEST TRANSACTION | |
| control field | 20251228082947.0 |
| 041 ## - LANGUAGE CODE | |
| Language code of text/sound track or separate title | fre |
| 042 ## - AUTHENTICATION CODE | |
| Authentication code | dc |
| 100 10 - MAIN ENTRY--PERSONAL NAME | |
| Personal name | Ronzeaud, Pierre |
| Relator term | author |
| 245 00 - TITLE STATEMENT | |
| Title | Hubert Carrier, Le labyrinthe de l’État. Essai sur le débat politique en France au temps de la Fronde (1648-1653), no 14, Paris, Honoré Champion, « Bibliothèque d’histoire moderne et contemporaine », 2004, 694 p. |
| 260 ## - PUBLICATION, DISTRIBUTION, ETC. | |
| Date of publication, distribution, etc. | 2008.<br/> |
| 500 ## - GENERAL NOTE | |
| General note | 32 |
| 786 0# - DATA SOURCE ENTRY | |
| Note | Dix-septième siècle | 240 | 3 | 2008-09-11 | p. 559a-565a | 0012-4273 |
| 856 41 - ELECTRONIC LOCATION AND ACCESS | |
| Uniform Resource Identifier | <a href="https://shs.cairn.info/revue-dix-septieme-siecle-2008-3-page-559a?lang=fr&redirect-ssocas=7080">https://shs.cairn.info/revue-dix-septieme-siecle-2008-3-page-559a?lang=fr&redirect-ssocas=7080</a> |
Pas d'exemplaire disponible.




Réseaux sociaux